| 000 | 00762nam a2200217 a 4500 | ||
|---|---|---|---|
| 005 | 20210223132556.0 | ||
| 008 | 150309s2012 mx r 000 0 spa d | ||
| 020 | _a9786074480788 | ||
| 035 | _aUPN01000202364 | ||
| 049 | _aCG | ||
| 050 | 4 |
_aRJ503.7 M5.6 _bA7.2 |
|
| 100 | 1 |
_aArcher, Robert P. _937617 |
|
| 245 | 1 | 0 |
_aAplicaciones clìnicas del MMPI-A / _cRobert P. Archer, Radhika Krishnamurthy ; tr. José Luis Núñez Herrejón. |
| 260 |
_aMéxico : _bManual Moderno, _c2012. |
||
| 300 |
_a211 p. : _bfigs. |
||
| 534 |
_pTítulo original: _tEssentials of MMPI-A Assessment |
||
| 650 | 4 |
_aINVENTARIO MULTIFASICO DE LA PERSONALIDAD DE MINNESOTA PARA ADOLESCENTES _924056 |
|
| 700 | 1 |
_aKrishnamurthy, Radhika, _ecoaut. |
|
| 905 | _aLibro | ||
| 999 |
_c174465 _d174465 |
||